British History Quiz - Statistics

General Stats
  • This quiz has been taken 1,849 times
    1,826 since last reset
  • The average score is 11 of 19
Answer Stats
Hint Answer % Correct
What "Great Charter" was signed by King John in 1215 Magna Carta
89%
Which french peoples led by William the conqueror invaded England in 1066 Normans
89%
What was the name of the Spanish fleet destroyed by the English and Queen Elizabeth I Armada
84%
Neolithic British structure Stone Henge
84%
Which Iceni Queen led an effective uprising against Roman occupation Boudica
74%
Name the only British King to be called 'Great' Alfred
73%
What happened between the 2nd and 5th of September 1666 The Great Fire of London
71%
What did the UK join in 1973 European Union
67%
In 1803 Great Britain declares war on which emperor Napoleon
63%
What french tapestry describes the above invasion Bayeux
61%
Who preceded Winston Churchill as prime minister Neville Chamberlain
61%
Interregnum began with the execution of who Charles I
60%
Who were the victors at the Battle of Bosworth Field Tudors
56%
Who defeated the English in the Battle of Bannockburn in 1314 Scots
52%
What war began in 1337 Hundred Year War
50%
Which Roman emperor invaded Britain in AD 43 Claudius
30%
What began on the 19th of April 1775 American War of Independence
29%
The Saxons and the Angles invaded southern and eastern England after roman withdrawal, what other major germanic tribe settled in Britain Jutes
27%
What act was passed in 1807 Slave Trade Act
14%
No matching quizzes found
Score Distribution
Percent of People with Each Score
Percentile by Number Answered
Your Score History
You have not taken this quiz since the last reset